TB OF PHARMACOLOGY, PATHOLOGY & GENETICS FOR NURSES VOLUME-2 (Record no. 21908)
[ view plain ]
| 000 -LEADER | |
|---|---|
| fixed length control field | 00352nam a22001457a 4500 |
| 003 - CONTROL NUMBER IDENTIFIER | |
| control field | SGT |
| 082 ## - DEWEY DECIMAL CLASSIFICATION NUMBER | |
| Classification number | 615 |
| Item number | P16S |
| 100 ## - MAIN ENTRY--PERSONAL NAME | |
| Personal name | SHARMA, SURESH K. |
| 245 ## - TITLE STATEMENT | |
| Title | TB OF PHARMACOLOGY, PATHOLOGY & GENETICS FOR NURSES VOLUME-2 |
| 250 ## - EDITION STATEMENT | |
| Edition statement | 1ST |
| 260 ## - PUBLICATION, DISTRIBUTION, ETC. (IMPRINT) | |
| Place of publication, distribution, etc | INDIA |
| Name of publisher, distributor, etc | JAYPEE PUB |
| Year of Publication | 2016 |
| 300 ## - PAGE DESCRIPTION | |
| No. of Pages | 550-1066 |
| 650 ## - SUBJECT ADDED ENTRY--TOPICAL TERM | |
| Topical term or geographic name as entry element | PHARMACOLOGY |
| 942 ## - ADDED ENTRY ELEMENTS (KOHA) | |
| Source of classification or shelving scheme | Dewey Decimal Classification |
| Koha item type | Books |
| 942 ## - ADDED ENTRY ELEMENTS (KOHA) | |
| -- | 211 |
| Withdrawn status | Lost status | Source of classification or shelving scheme | Damaged status | Not for loan | Collection code | Home library | Current library | Shelving location | Date acquired | Vendor Name | Cost, normal purchase price | Volume Information (Serial or Books or Non-Book Material) | SGTU | Bill Number | Total Checkouts | Full call number | Accession No. (Barcode) | Checked out | Date last seen | Date last borrowed | Bill Date | Koha item type | Total Renewals |
|---|---|---|---|---|---|---|---|---|---|---|---|---|---|---|---|---|---|---|---|---|---|---|---|
| Dewey Decimal Classification | NURSING | SGT Medical Library | SGT Medical Library | Text Book | 01/10/2021 | JAYPEE PUB | 0.00 | VOLUME-2 | SGTU | N5/INV/-1/21-00076 | 64 | 615 P16S | FN4336 | 08/06/2026 | 25/05/2026 | 25/05/2026 | Books | ||||||
| Dewey Decimal Classification | NURSING | SGT Medical Library | SGT Medical Library | Text Book | 01/10/2021 | JAYPEE PUB | 0.00 | VOLUME-2 | SGTU | N5/INV/-1/21-00076 | 69 | 615 P16S | FN4337 | 04/06/2026 | 21/05/2026 | 21/05/2026 | Books | ||||||
| Long Overdue (Lost) | Dewey Decimal Classification | NURSING | SGT Medical Library | SGT Medical Library | Text Book | 01/10/2021 | JAYPEE PUB | 0.00 | VOLUME-2 | SGTU | N5/INV/-1/21-00076 | 27 | 615 P16S | FN4338 | 27/06/2023 | 13/06/2023 | 13/06/2023 | Books | 2 | ||||
| Dewey Decimal Classification | NURSING | SGT Medical Library | SGT Medical Library | Text Book | 01/10/2021 | JAYPEE PUB | 0.00 | VOLUME-2 | SGTU | N5/INV/-1/21-00076 | 82 | 615 P16S | FN4339 | 04/06/2026 | 21/05/2026 | 21/05/2026 | Books | ||||||
| Dewey Decimal Classification | NURSING | SGT Medical Library | SGT Medical Library | Text Book | 01/10/2021 | JAYPEE PUB | 0.00 | VOLUME-2 | SGTU | N5/INV/-1/21-00076 | 38 | 615 P16S | FN4340 | 17/06/2026 | 03/06/2026 | 03/06/2026 | Books |